| 000 | 00465nam a22001217a 4500 | ||
|---|---|---|---|
| 082 | _a200 THE | ||
| 100 |
_aHiba Khalid _969833 |
||
| 245 | _aTH-SOF-1302-Imparting Data Knowledge in discrete data volumes using crowded agent approach for multi-perspective and visualized big data | ||
| 260 |
_aIslamabad _bNUST College of EME _c2016 |
||
| 650 | _aMS-CSE-14 MSTHESIS | ||
| 700 |
_aSupervisor Dr. Usman Qamar Co-Supervisor Dr. Muhammad Usman Akram _969834 |
||
| 942 | _cCF | ||
| 999 |
_c576941 _d576941 |
||